[Event "Capablanca Memorial op 57th"]
[Site "Havana"]
[Date "2024.05.05"]
[Round "3"]
[White "Rodriguez Gomez, Dario"]
[Black "Lafont Linares, Ronny Manuel"]
[Result "0-1"]
[WhiteElo "2090"]
[BlackElo "2310"]
[PlyCount "82"]
[EventDate "2024.05.03"]
[EventType "swiss"]
[EventRounds "10"]
[EventCountry "CUB"]
[SourceTitle "EXT 2025"]
[Source "ChessBase"]
[SourceDate "2024.10.14"]
[SourceVersion "1"]
[SourceVersionDate "2024.10.14"]
[SourceQuality "1"]

1. d4 d5 2. Nf3 Nf6 3. Bf4 c5 4. c3 Nc6 5. e3 Qb6 6. b3 Bg4 7. Be2 cxd4 8. exd4 Ne4 9. 0-0 e6 10. Ne5 Bf5 11. f3 Nf6 12. Nxc6 bxc6 13. Bd3 Bg6 14. Qe2 Nh5 15. Be5 Be7 16. Nd2 f6 17. Bg3 Nxg3 18. hxg3 c5 19. c4 Bxd3 20. Qxd3 cxd4 21. cxd5 exd5 22. Rfe1 Kf7 23. Qf5 Rad8 24. Qd3 Rc8 25. Qf5 Qd6 26. Nf1 g6 27. Qd3 Qb6 28. Rac1 Bb4 29. Red1 Rhe8 30. Rxc8 Rxc8 31. Kh2 Bc3 32. Nd2 Re8 33. Nb1 Re3 34. Qc2 Qb5 35. a4 Qc5 36. Rd3 Bb4 37. Qxc5 Bxc5 38. Rd1 Rxb3 39. Rc1 Bb6 40. Nd2 Rb2 41. Nf1 a5 0-1

[Event "Capablanca Memorial op 57th"]
[Site "Havana"]
[Date "2024.05.03"]
[Round "1"]
[White "Rodriguez Gomez, Dario"]
[Black "Diaz Perez, Michel Alejandro"]
[Result "0-1"]
[WhiteElo "2090"]
[BlackElo "2464"]
[PlyCount "118"]
[EventDate "2024.05.03"]
[EventType "swiss"]
[EventRounds "10"]
[EventCountry "CUB"]
[SourceTitle "EXT 2025"]
[Source "ChessBase"]
[SourceDate "2024.10.14"]
[SourceVersion "1"]
[SourceVersionDate "2024.10.14"]
[SourceQuality "1"]

1. d4 Nf6 2. Nf3 e6 3. Bf4 c5 4. c3 b6 5. e3 Be7 6. h3 0-0 7. Bd3 cxd4 8. exd4 Bb7 9. Nbd2 d6 10. 0-0 Nbd7 11. Qe2 Re8 12. Ne4 Qc7 13. Rfe1 h6 14. Nxf6+ Nxf6 15. a4 a6 16. Nd2 Bf8 17. Nc4 Nd5 18. Bh2 f5 19. Ne3 Nf6 20. Bc4 Kh8 21. d5 exd5 22. Bb3 g6 23. Qd3 Qc6 24. f3 Re7 25. Re2 Rae8 26. Rae1 Bg7 27. Nc2 Qc5+ 28. Kh1 Qc7 29. Nd4 Qd7 30. g4 Rxe2 31. Rxe2 Rxe2 32. Qxe2 fxg4 33. hxg4 Qe8 34. Bxd6 Qxe2 35. Nxe2 d4 36. Nxd4 Nxg4 37. Kg2 Be5 38. Bxe5+ Nxe5 39. Be6 Kg7 40. Kg3 Kf6 41. f4 Nf3 42. Nxf3 Kxe6 43. Ne5 Be4 44. Nc4 b5 45. axb5 axb5 46. Nd2 Bd5 47. b3 Bc6 48. c4 b4 49. Nf3 Be4 50. Kf2 Kd6 51. Ke3 Bc2 52. Nd4 Bd1 53. f5 gxf5 54. Nxf5+ Kc5 55. Nxh6 Bxb3 56. Kd3 Bxc4+ 57. Kc2 Be6 58. Kb2 Kc4 59. Kc2 b3+ 0-1